000 00927nam a2200253 a 4500
005 20060821155617.0
008 051215s2004 ii a b 001 0 eng
010 _aENG-92678
020 _a8180641163
_c900.00
020 _a9788180641168
_c900.00
035 _aEN-76211
037 _bDBAD / PUB
040 _adpl
_bEnglish
082 _a301.295405
245 _aIndia and Asia:
_bP.C. Bagchi centenary volume /
_cedited by B.N. Mukherjee
260 _aKolkata
_bProgressive Publishers
_c2009
270 _a37A, College Street,
_bKolkata
_e73
300 _a432p.
_c23cm (Hb)
650 _aIndic philology.
651 _aIndia
_xCivilization.
655 _aAsia
_xCivilization.
942 _2ddc
_cEN
_mIND
_h301.295405
999 _c22593
_d22593